00971nam a2200217 i 450000100060000000300090000600500170001500700030003200800410003508000170007610000410009324502710013426000430040530000290044870000330047770000510051070000330056185200220059499900170061695201200063355907ES-MaACL20250827063207.0t|030930s1946 sp ||||1| spa d a352(8.03)0771 aCasariego, J. E., d1913-199093617613aEl Municipio y las Cortes en el Imperio Español de Indias b: introducción a su estudio / cJ.E. Casariego ; [con el texto original de las ordenanzas municipales de Alonso de Cáceres ; prólogo de Ciriaco Pérez Bustamente ; epílogo de Adolfo Reyes Ochoa]. aMadrid : b[s.n.], c1946 (fMarsiega) a213, 5 lám. ; c20 cm.1 aCáceres, Alonso de.9333371 aPérez-Bustamante, Ciriaco,d1896-19759906821 aReyes Ochoa, Adolfo.9143348 aES-MaACLjB-10557 c55907d55907 00104070aATENEOMbATENEOMcSPBd2008-01-17eSCl0oB-10557p1058728r2023-02-23 00:00:00w2023-02-23yMONOGRAFIA